ბათუმის შოთა რუსთაველის სახელმწიფო უნივერსიტეტის ბიბლიოთეკა

Центральная Евразия : (ბიბ.ჩანაწერი № 61176)

000 -LEADER
fixed length control field 00721nam a22001697a 4500
005 - DATE AND TIME OF LATEST TRANSACTION
control field 20231227114934.0
008 - FIXED-LENGTH DATA ELEMENTS--GENERAL INFORMATION
fixed length control field 231227s2008 ru ||||| |||| 00| 0 rus d
020 ## - INTERNATIONAL STANDARD BOOK NUMBER
International Standard Book Number 9789197775113
041 ## - LANGUAGE CODE
Language code of text/sound track or separate title rus
080 ## - UNIVERSAL DECIMAL CLASSIFICATION NUMBER
Universal Decimal Classification number 336.94 Ц-32
245 ## - TITLE STATEMENT
Title Центральная Евразия :
Remainder of title Национальные валюты /
Statement of responsibility, etc. Под ред. Э. М. Исмаилова ; Ин-т стратегических исследований Кавказа.
264 ## - PRODUCTION, PUBLICATION, DISTRIBUTION, MANUFACTURE, AND COPYRIGHT NOTICE
Place of production, publication, distribution, manufacture Стокгольм :
Name of producer, publisher, distributor, manufacturer CA&CC Press,
Date of production, publication, distribution, manufacture, or copyright notice 2008.
300 ## - PHYSICAL DESCRIPTION
Extent 336 с. :
Other physical details рис.;
Dimensions 27 см.
653 ## - INDEX TERM--UNCONTROLLED
keyword ეროვნული ვალუტა
700 ## - ADDED ENTRY--PERSONAL NAME
Personal name Исмаилов, Э. М.
Relator term რედაქტორი
9 (RLIN) 20913
942 ## - ADDED ENTRY ELEMENTS (KOHA)
Source of classification or shelving scheme
Koha item type წიგნი
ეგზემპლარები
Withdrawn status Lost status Source of classification or shelving scheme Damaged status Not for loan Permanent Location Current Location Shelving location Date acquired Cost, normal purchase price Full call number Barcode Date last seen Copy number Uniform Resource Identifier Price effective from Koha item type Public note
          ბათუმის შოთა რუსთაველის სახელმწიფო უნივერსიტეტის მთავარი ბიბლიოთეკა ბათუმის შოთა რუსთაველის სახელმწიფო უნივერსიტეტის მთავარი ბიბლიოთეკა წიგნსაცავი 2023-12-27 10.00 336.94 Ц-32 65701 2023-12-27 65701 ბსუ-ს საპატიო დოქტორის გურამ ლორთქიფანიძის საჩუქარი 2023-12-27 წიგნი 10 ლ.